书目信息 |
| 题名: |
两方世界 两方设计
|
|
| 作者: | 王敏 , 申晓红 编著 ;两方设计公司 图 | |
| 分册: | ||
| 出版信息: | 上海 上海书画出版社 2005 |
|
| 页数: | 223页 | |
| 开本: | 22cm | |
| 丛书名: | ||
| 单 册: | ||
| 中图分类: | J506 | |
| 科图分类: | ||
| 主题词: | 平面设计 | |
| 电子资源: | ||
| ISBN: | 7-80672-855-4 | |
| 000 | 00846nam0 2200253 450 | |
| 001 | TS-167208 | |
| 005 | 20061227082124.07 | |
| 010 | @a7-80672-855-4@dCNY56.00 | |
| 100 | @a20060829d2005 em y0chiy0110 ea | |
| 101 | 0 | @achi@eeng |
| 102 | @aCN@b310000 | |
| 105 | @aa z 000yy | |
| 200 | 1 | @a两方世界 两方设计@Aliang fang shi jie liang fang she ji@f王敏,申晓红编著@g两方设计图 |
| 210 | @a上海@c上海书画出版社@d2005 | |
| 215 | @a223页@c图@d22cm | |
| 330 | @a本书从文化的角度探讨了设计的理念与思考,并以具体的设计案例介绍了设计的思路、形式。 | |
| 510 | 1 | @aDesign Square Two@zeng |
| 606 | 0 | @a平面设计 |
| 690 | @aJ506@v4 | |
| 701 | 0 | @a王敏@Awang min@f(1956~)@4编著 |
| 701 | 0 | @a申晓红@Ashen xiao hong@c(女)@4编著 |
| 712 | 02 | @a两方设计公司@Aliang fang she ji gong si@4图 |
| 801 | 0 | @aCN@b中图数据@c20061227 |
| 905 | @a10447@dJ506@e194 | |
| 两方世界 两方设计/王敏,申晓红编著/两方设计图.-上海:上海书画出版社,2005 |
| 223页:图;22cm |
| ISBN 7-80672-855-4:CNY56.00 |
| 本书从文化的角度探讨了设计的理念与思考,并以具体的设计案例介绍了设计的思路、形式。 |
| ● |
| 相关链接 |
|
|
|
|
正题名:两方世界 两方设计
索取号:J506/194
 
预约/预借
| 序号 | 登录号 | 条形码 | 馆藏地/架位号 | 状态 | 备注 |
| 1 | 0617001 | 206170016 | 第一样本阅览室/ [索取号:J506/194] | 在馆 | |
| 2 | 0617002 | 206170025 | 第一借阅区/ [索取号:J506/194] | 在馆 | |
| 3 | 0617003 | 206170034 | 第一借阅区/ [索取号:J506/194] | 在馆 | |
| 4 | 0617004 | 206170043 | 第一借阅区/ [索取号:J506/194] | 在馆 |